00339nam a2200121Ia 4500003000400000005001700004008004100021040000700062082002100069100001900090245006300109260004500172OSt20230701111829.0210423s9999 xx 000 0 und d cAL a362.7 223bRADM aRADHIKA (V M). aMother and child care in traditional medicine part second. aBangalorebCentr for social actionc2006